banner koha

Brasil a dois passos da Ásia (Registro n. 328132)

MARC details
000 -LÍDER
fixed length control field 00795nab a2200253 4500
003 - CÓDIGO MARC DA AGÊNCIA CATALOGADORA
Campo de controle BR-BrBNA
005 - DATA E HORA DA ÚLTIMA ATUALIZAÇÃO
Campo de controle 20241015173130.0
008 - CAMPO DE TAMANHO FIXO
fixed length control field 241015b bl.||||| |||| 00| 0 por d
040 ## - FONTE DA CATALOGAÇÃO
Agência catalogadora BR-BrBNA
Idioma da catalogação por
072 ## - CATEGORIA AGRIS
Código AGRIS E71 ; F01
100 ## - ENTRADA PRINCIPAL - NOME PESSOAL
Nome pessoal Sebastiani, Renata E. Gaiotto
245 ## - TÍTULO PRINCIPAL
Título principal Brasil a dois passos da Ásia
Subtítulo Manga
500 ## - NOTA GERAL
Nota geral 1 illus.; 1 graph
942 ## - ADDED ENTRY ELEMENTS (KOHA)
Koha item type Analítica
650 ## - ASSUNTO - THESAGRO
Cabeçalho tópico ou nome geográfico MANGA
650 ## - ASSUNTO - THESAGRO
Cabeçalho tópico ou nome geográfico EXPORTAÇÃO
650 ## - ASSUNTO - THESAGRO
Cabeçalho tópico ou nome geográfico ÁSIA
650 ## - ASSUNTO - THESAGRO
Cabeçalho tópico ou nome geográfico REGIÃO NORDESTE
650 ## - ASSUNTO - THESAGRO
Cabeçalho tópico ou nome geográfico CLIMA
650 ## - ASSUNTO - THESAGRO
Cabeçalho tópico ou nome geográfico CHUVA
650 ## - ASSUNTO - THESAGRO
Cabeçalho tópico ou nome geográfico PERDA DA PRODUÇÃO
773 0# - ENTRADA ANALÍTICA
Host Biblionumber 4115
Registro do item 345041
Imprenta Piracicaba-SP Centro de Estudos Avançados em Economia Aplicada-CEPEA/USP/ESALQ 2002
Outro identificador 2024-5454
Título Hortifruti Brasil (Brazil)
ISSN 1981-1837
Colação v. 2(22) p. 14; (Mar 2004)
Número de controle de registro BR2024003053

Nenhum exemplar disponível.

BINAGRI

Telefone: (61)3218-2567/2388/3357/2097 - binagri@agro.gov.br

Ministério da Agricultura e Pecuária , Esplanada dos Ministérios, Bloco D, Anexo B, Brasília/DF, CEP: 70.043-900